[Event "Israeli Open Championship 2019"]
[Site "Jerusalem"]
[Date "2019.12.20"]
[Round "8.17"]
[White "Levitan, Ronit"]
[Black "Zak, Arad"]
[Result "0-1"]
[WhiteElo "1876"]
[BlackElo "2076"]
[Annotator "NA RC"]
[PlyCount "108"]
[EventDate "2019.12.12"]
[EventType "swiss"]
[EventCountry "ISR"]
[SourceTitle "playchess.com"]
[Source "ChessBase"]
[SourceQuality "1"]
[TimeControl "5400+30"]

{[%evp 8,108,43,63,57,38,29,29,29,42,27,35,35,23,32767,20,32767,32767,40,-8,32767,-11,0,32767,32767,-10,5,-11,-10,-40,-36,-32,0,-23,-27,-84,32767,-33,0,-4,32767,32767,32767,32767,32767,0,32767,32767,32767,32767,-10,-32,0,32767,32767,32767,32767,32767,32767,32767,-8,-40,-37,-52,-39,-67,-34,-39,0,-7,0,-37,0,-48,-35,32767,-56,32767,-69,-94,-109,-98,-113,32767,-110,32767,32767,32767,-128,-158,-132,-293,-368,32767,32767,-397,32767,-330,-351,-341,-370,-29991,-29992]} 1. e4 {[%emt 0:00:00]} Nf6 {[%emt 0:10:45]} 2. e5 {[%emt 0:00:20]} Nd5 {[%emt 0:00:08]} 3. d4 {[%emt 0:00:04]} d6 {[%emt 0:00:07]} 4. Nf3 {[%emt 0:00:06]} dxe5 {[%emt 0:00:17]} 5. Nxe5 {[%emt 0:04:34]} c6 {[%emt 0:00:15]} 6. Be2 {[%emt 0:02:06]} Bf5 {[%emt 0:05:41] B04: Alekhine's Defence: 4 Nf3} 7. a3 {[%emt 0:04:22]} (7. c3 Nd7 8. Nf3 e6 9. O-O Bd6 10. Re1 O-O 11. Nbd2 h6 12. Nc4 Bc7 13. a4 a5 14. Bd3 {1-0 (40) Vachier Lagrave,M (2779)-Dominguez Perez,L (2739) chess.com INT 2018}) 7... Nd7 {[%emt 0:06:41]} 8. Nf3 {[%emt 0:05:15]} Qc7 {[%emt 0:01:19]} 9. O-O {[%emt 0:08:31]} e6 {[%emt 0:00:37]} 10. c4 $146 {[%emt 0:01:20]} ({Predecessor:} 10. g3 Bd6 11. c4 N5f6 12. c5 Be7 13. Bf4 Qc8 14. Nc3 {1-0 (60) Singer,C (2362)-Huber,S (2030) Munich 2011}) 10... Nf4 {[%emt 0:02:03]} 11. Nc3 {[%emt 0:00:53]} Nf6 {[%emt 0:01:59]} 12. Ne5 {[%emt 0:15:53]} Nxe2+ {[%emt 0:01:24]} 13. Nxe2 {[%emt 0:02:32]} Bd6 {[%emt 0:03:07]} 14. Ng3 {[%emt 0:09:04]} Bg6 {[%emt 0:04:16]} 15. Bf4 {[%emt 0:01:20]} Nd7 {[%emt 0:03:18]} 16. Nxg6 {[%emt 0:11:51]} hxg6 {[%emt 0:00:18]} 17. Bxd6 {[%emt 0:00:02]} Qxd6 {[%emt 0:00:06]} 18. Re1 {[%emt 0:00:21]} Nf6 {[%emt 0:00:26]} 19. h3 {[%emt 0:01:35]} Rh4 {[%emt 0:01:18]} 20. Qb3 {[%emt 0:03:31]} O-O-O {[%emt 0:00:49]} 21. c5 {[%emt 0:13:42]} (21. Ne2 $11) 21... Qd5 {[%emt 0:08:45]} 22. Qxd5 {[%emt 0:00:17]} Nxd5 {[%emt 0:00:43]} 23. Ne4 {[%emt 0:01:26]} Rd7 {[%emt 0:02:52]} 24. Rad1 {[%emt 0:00:37]} Kd8 {[%emt 0:02:33]} 25. Nd6 {[%emt 0:01:08]} Nf6 {[%emt 0:01:20]} 26. Rd3 {[%emt 0:02:54]} Ne8 {[%emt 0:00:49]} 27. Nxe8 {[%emt 0:00:38]} Kxe8 {[%emt 0:00:10]} 28. g4 {[%emt 0:00:32]} Ke7 {[%emt 0:00:53]} 29. Kg2 {[%emt 0:00:07]} Rh8 {[%emt 0:01:01]} 30. f4 {[%emt 0:02:55]} Rhd8 {[%emt 0:00:09]} 31. Red1 {[%emt 0:00:04]} Rd5 {[%emt 0:00:51]} 32. Kf3 {[%emt 0:00:29]} g5 {[%emt 0:00:21]} 33. fxg5 {[%emt 0:01:52]} Rxg5 {[%emt 0:00:17]} 34. Rb3 {[%emt 0:00:10]} Rd7 {[%emt 0:00:13]} 35. h4 {[%emt 0:01:04]} Rgd5 {[%emt 0:00:12]} 36. g5 {[%emt 0:02:17]} Kd8 {[%emt 0:02:04]} 37. Ke4 {[%emt 0:02:25]} Kc7 {[%emt 0:00:17]} 38. Rbd3 {[%emt 0:00:10]} Kd8 {[%emt 0:02:47]} 39. Rb3 {[%emt 0:00:49]} Ke7 {[%emt 0:00:36]} 40. Rbd3 {[%emt 0:00:05]} f5+ {[%emt 0:01:46]} 41. gxf6+ {[%emt 0:01:06]} gxf6 {[%emt 0:00:10]} 42. Rh1 {[%emt 0:00:56]} e5 {[%emt 0:01:52]} 43. h5 {[%emt 0:00:51]} Rxd4+ {[%emt 0:00:36]} 44. Rxd4 {[%emt 0:00:04]} Rxd4+ {[%emt 0:00:03]} 45. Ke3 {[%emt 0:00:28]} Rd8 {[%emt 0:00:33]} 46. Rg1 {[%emt 0:01:23]} Kf7 {[%emt 0:00:15]} 47. h6 {[%emt 0:00:04] [#]} Rg8 $1 {[%emt 0:00:25]} 48. Rd1 {[%emt 0:00:24]} Ke7 {[%emt 0:00:26]} 49. Ke4 $2 {[%emt 0:00:42]} (49. Rh1 $17 {was worth a try.}) 49... Rg4+ {[%emt 0:01:02]} 50. Kf5 {[%emt 0:00:33]} Rg5+ {[%emt 0:00:11]} 51. Ke4 {[%emt 0:00:11]} Rh5 {[%emt 0:00:20]} 52. Rg1 {[%emt 0:00:31]} Rxh6 {[%emt 0:00:47]} 53. Rg7+ {[%emt 0:00:04]} Ke6 {[%emt 0:00:06]} 54. Rxb7 $2 {[%emt 0:00:08]} (54. Kd3 $19 b5 55. cxb6 axb6 56. a4) 54... Rh3 {[%emt 0:00:08]} 0-1

[Event "Israeli Open Championship 2019"]
[Site "Jerusalem"]
[Date "2019.12.20"]
[Round "8.18"]
[White "Har-Even, Abir"]
[Black "Elsner, Yair"]
[Result "1-0"]
[WhiteElo "2104"]
[BlackElo "1585"]
[Annotator "TA"]
[PlyCount "95"]
[EventDate "2019.12.12"]
[EventType "swiss"]
[EventCountry "ISR"]
[SourceTitle "playchess.com"]
[Source "ChessBase"]
[SourceQuality "1"]

{[%evp 12,95,-3,-33,-27,-29,-33,-41,-35,-39,-27,-40,-31,-58,-68,-96,-84,-87,-88,-81,-104,-137,-95,-113,-105,-125,-94,-127,-92,-315,-194,-271,-264,-269,-267,-391,-369,-456,-218,-372,-379,-358,-303,-375,0,0,43,44,33,0,0,0,231,237,209,97,353,350,488,477,509,529,502,579,554,523,641,558,645,612,568,529,524,517,4945,4036,2349,1649,5497,5297,4945,4945,4945,4100,5639,5281]} 1. e4 c5 2. Nc3 Nc6 3. f4 g6 4. Nf3 Bg7 5. Bb5 Nd4 6. O-O e6 7. e5 a6 $146 {B23: Closed Sicilian: Lines without g3} (7... Ne7 8. Nxd4 cxd4 9. Ne4 O-O 10. b3 d5 11. Nd6 f6 12. Nxc8 Rxc8 13. exf6 Rxf6 14. Ba3 Nc6 15. Qe2 {½-½ (52) Dimitrov,R (2445)-Naiditsch,A (2724) Bastia 2013}) 8. Bd3 f5 9. Nxd4 cxd4 {Black is slightly better.} 10. Ne2 d6 11. exd6 Qxd6 12. c3 Ne7 13. b3 O-O 14. a4 dxc3 15. dxc3 Rd8 16. Rf3 b6 17. Ba3 Qc7 18. Qe1 Nd5 19. Rc1 Bb7 20. c4 $2 (20. Nd4 $17 Re8 21. Bc4) 20... Nf6 21. Rh3 (21. Rg3 $142) 21... Qc6 $19 {[%csl Gb7][%cal Rc6g2] [#]} 22. Qf1 Rd7 23. Bb4 (23. c5 $142 Bf8 24. Kh1) 23... Rad8 24. Bc2 Ne4 (24... a5 $142 25. Be1 Ng4) 25. Re3 $2 (25. Bxe4 fxe4 26. Rg3) 25... Nd2 26. Qf2 a5 27. Bc3 Bxc3 $2 (27... Bf8 $19 {aiming for ...Bc5!} 28. Re5 Ne4 {[%mdl 64] Overworked Piece} 29. Bxe4 Rd1+ 30. Be1 fxe4) 28. Nxc3 $11 Kf7 29. Rce1 Qc5 $1 30. Rxe6 Qxf2+ $1 31. Kxf2 Ne4+ $2 (31... Be4 $1 $11 32. Bxe4 Kxe6 33. Bc6+ Kf7) 32. Bxe4 $18 Rd2+ 33. Kg1 (33. Re2 $18 {is more deadly.} Rxe2+ 34. Kxe2 (34. Nxe2 Bxe4 35. Rxb6 Rd2 $16) 34... Bxe4 35. Rxb6) 33... Kxe6 $4 {[%mdl 8192]} (33... Bxe4 $16 34. Nxe4 fxe4 35. R6xe4 (35. Rxb6 Rb2 $14) 35... Rb2) 34. Bxb7+ Kf6 35. Bd5 {White is clearly winning.} Rd6 36. Nb5 Rd7 37. Re6+ {[%mdl 64] [#] Double Attack} Kg7 38. Rxb6 Re7 {[%cal Re7e1]} 39. Re6 Rxe6 40. Bxe6 Kf6 41. Bg8 h6 42. c5 Rc2 (42... Rd8 $142 43. Bc4 Rc8) 43. Bc4 Ke7 44. c6 Kd8 45. c7+ Kd7 46. h3 g5 47. g4 fxg4 48. f5 {Accuracy: White = 52%, Black = 51%.} 1-0

[Event "Israeli Open Championship 2019"]
[Site "Jerusalem"]
[Date "2019.12.22"]
[Round "9.1"]
[White "Lahav, Michal"]
[Black "Rechlis, Gad"]
[Result "1-0"]
[WhiteElo "2244"]
[BlackElo "2490"]
[Annotator "ChessBase"]
[PlyCount "103"]
[EventDate "2019.12.12"]
[EventType "swiss"]
[EventCountry "ISR"]
[SourceTitle "playchess.com"]
[Source "ChessBase"]
[SourceQuality "1"]
[TimeControl "5400+30"]

1. d4 {[%emt 0:00:00]} Nf6 {[%emt 0:08:35]} 2. Nf3 {[%emt 0:00:00]} d6 {[%emt 0:06:09]} 3. g3 {[%emt 0:00:05]} g6 {[%emt 0:03:21]} 4. Bg2 {[%emt 0:00:07]} Bg7 {[%emt 0:00:07]} 5. O-O {[%emt 0:00:21]} O-O {[%emt 0:00:03]} 6. Nc3 {[%emt 0:00:30]} Nbd7 {[%emt 0:05:30]} 7. d5 {[%emt 0:00:12]} Nb6 {[%emt 0:05:13]} 8. Nd4 {[%emt 0:00:47]} e5 {[%emt 0:11:58]} 9. dxe6 {[%emt 0:00:26]} fxe6 {[%emt 0:00:07]} 10. Qd3 {[%emt 0:01:41]} e5 {[%emt 0:04:10]} 11. Nf3 {[%emt 0:01:35]} Qe8 {[%emt 0:10:38]} 12. e4 {[%emt 0:01:32]} d5 {[%emt 0:01:01]} 13. Re1 {[%emt 0:02:29]} d4 {[%emt 0:03:56]} 14. Nb5 {[%emt 0:02:20]} Qe7 {[%emt 0:00:52]} 15. c3 {[%emt 0:21:06]} c6 {[%emt 0:07:24]} 16. Na3 {[%emt 0:02:45]} c5 {[%emt 0:02:53]} 17. cxd4 {[%emt 0:02:45]} cxd4 {[%emt 0:00:21]} 18. Bd2 {[%emt 0:00:12]} Ne8 {[%emt 0:01:39]} 19. Nc2 {[%emt 0:05:53]} Qf6 {[%emt 0:03:16]} 20. Kh1 {[%emt 0:08:02]} Bg4 {[%emt 0:04:52]} 21. Ng1 {[%emt 0:00:35]} Qxf2 {[%emt 0:02:55]} 22. Rf1 {[%emt 0:01:29]} Nd6 {[%emt 0:04:04]} 23. Rxf2 {[%emt 0:01:41]} Rxf2 {[%emt 0:00:01]} 24. h3 {[%emt 0:01:25]} Bd7 {[%emt 0:02:35]} 25. Na3 {[%emt 0:01:44]} Bc6 {[%emt 0:00:23]} 26. Re1 {[%emt 0:00:15]} Na4 {[%emt 0:02:06]} 27. b4 {[%emt 0:01:36]} b5 {[%emt 0:01:59]} 28. Nf3 {[%emt 0:01:21]} Nb2 {[%emt 0:02:28]} 29. Qb3+ {[%emt 0:02:01]} Nbc4 {[%emt 0:00:14]} 30. Kg1 {[%emt 0:00:17]} Rxg2+ {[%emt 0:01:38]} 31. Kxg2 {[%emt 0:00:01]} Kh8 {[%emt 0:01:36]} 32. Bc1 {[%emt 0:03:10]} Rc8 {[%emt 0:02:57]} 33. Nxc4 {[%emt 0:04:17]} bxc4 {[%emt 0:00:04]} 34. Qa3 {[%emt 0:00:17]} c3 {[%emt 0:01:02]} 35. b5 {[%emt 0:01:19]} Nxb5 {[%emt 0:00:25]} 36. Qe7 {[%emt 0:00:03]} d3 {[%emt 0:00:31]} 37. Qe6 {[%emt 0:00:44]} Bb7 {[%emt 0:00:54]} 38. Nxe5 {[%emt 0:00:08]} h6 {[%emt 0:00:23]} 39. Nxd3 {[%emt 0:01:13]} Nd4 {[%emt 0:00:27]} 40. Qxg6 {[%emt 0:00:06]} Rc6 {[%emt 0:00:25]} 41. Qe8+ {[%emt 0:00:32]} Kh7 {[%emt 0:00:06]} 42. Qd7 {[%emt 0:00:46]} Bc8 {[%emt 0:00:14]} 43. Qxa7 {[%emt 0:00:17]} Ra6 {[%emt 0:00:01]} 44. Qc7 {[%emt 0:01:44]} Rxa2+ {[%emt 0:00:15]} 45. Nf2 {[%emt 0:00:01]} Bxh3+ {[%emt 0:01:05]} 46. Kxh3 {[%emt 0:00:10]} Rxf2 {[%emt 0:00:02]} 47. Be3 {[%emt 0:00:31]} Ne6 {[%emt 0:00:08]} 48. Qxg7+ {[%emt 0:00:24]} Kxg7 {[%emt 0:00:22]} 49. Bxf2 {[%emt 0:00:02]} Kf6 {[%emt 0:00:23]} 50. Rc1 {[%emt 0:00:07]} Ng5+ {[%emt 0:00:22]} 51. Kg2 {[%emt 0:00:05]} Nxe4 {[%emt 0:00:09]} 52. Bd4+ {[%emt 0:00:01]} 1-0

[Event "Israeli Open Championship 2019"]
[Site "Jerusalem"]
[Date "2019.12.22"]
[Round "9.2"]
[White "Nabaty, Tamir"]
[Black "Gorodetzky, David"]
[Result "1-0"]
[WhiteElo "2647"]
[BlackElo "2483"]
[Annotator "TA"]
[PlyCount "123"]
[EventDate "2019.12.12"]
[EventType "swiss"]
[EventCountry "ISR"]
[SourceTitle "playchess.com"]
[Source "ChessBase"]
[SourceQuality "1"]

{[%evp 19,123,19,22,4,12,-2,25,0,2,12,11,0,0,-7,-6,-8,-8,-6,0,0,0,-9,-8,-9,-8,-8,-7,-15,-10,0,-4,-6,0,0,0,-2,0,0,0,0,37,19,134,137,120,135,134,132,142,145,164,174,162,150,166,173,169,172,233,238,233,218,225,209,610,662,652,678,607,755,738,747,740,429,714,582,760,697,855,806,4133,2309,29963,29960,10250,12755,2610,588,29976,29975,29977,29978,29976,29979,29979,29980,29980,29981,29981,29982,29981,29983,29982,29983,29983,29984]} 1. e4 c6 2. d4 d5 3. exd5 cxd5 4. Bd3 Nc6 5. c3 Nf6 6. Bf4 Bg4 7. Nf3 e6 8. Nbd2 Bd6 9. Bxd6 Qxd6 10. O-O O-O 11. Qe2 {B13: Caro-Kann: Exchange Variation and Panov-Botvinnik Attack} Rab8 (11... a6 12. a4 Rac8 13. Qe3 Nd7 14. Rfe1 Bxf3 15. Nxf3 Na5 16. Ng5 h6 17. Qh3 Nc4 18. Re2 Rfe8 {½-½ (40) Wen,Y (2611)-Jakovenko,D (2710) Moscow 2016}) 12. Rae1 $146 ({Predecessor:} 12. h3 Bh5 13. g4 Bg6 14. Bxg6 hxg6 15. Ne5 b5 16. f4 b4 17. Nb3 bxc3 18. bxc3 {0-1 (41) Karpov,P (2096)-Potapov,A (2394) Moscow 2010}) 12... Rfc8 13. a4 {White has an edge.} Qf4 14. Qe3 Qxe3 15. fxe3 Bf5 16. e4 dxe4 17. Nxe4 Nxe4 18. Bxe4 Bxe4 19. Rxe4 b5 20. Re2 b4 21. c4 Rd8 22. Rd1 Na5 23. c5 Rbc8 24. Rc1 Nc6 25. Re4 Rd5 26. g4 h6 27. Kf2 Rcd8 28. Rc4 a5 29. Ke3 Kf8 30. Ne5 Nxe5 (30... Ne7 $1 $11) 31. Rxe5 $11 {[%mdl 4096] Endgame KRR-KRR} Ke7 32. c6 $1 Kd6 {[#]} 33. Rxd5+ $1 exd5 $16 {KR-KR} 34. Rc5 b3 35. Rxa5 Kxc6 36. Rc5+ Kd6 37. Rb5 Ra8 38. a5 Kc6 {[#]} (38... g6 $142 39. Kd3 f5 40. gxf5 (40. Rxb3 Rxa5 41. Rb6+ Ke7 $16) 40... gxf5) 39. Rc5+ $1 $18 ({And not} 39. Rxb3 Rxa5 40. Rc3+ Kd6 $11) 39... Kd6 40. Kd3 g6 41. Kc3 f5 $2 (41... Rb8 42. a6 Ra8) 42. gxf5 gxf5 43. Kxb3 f4 44. Ka4 f3 45. Rc2 Rf8 46. Rf2 Kc6 (46... h5 $142 47. b4 h4) 47. b4 Rf4 48. h3 h5 {[#]} 49. h4 $1 {[%mdl 512]} Rxh4 50. Rxf3 Rxd4 51. Rf6+ Kc7 52. a6 Rd1 53. b5 (53. Kb5 $142 {Intending a7 and mate.} Rg1 54. Rf8) 53... Ra1+ 54. Kb4 {White mates.} Rb1+ 55. Kc5 Rc1+ 56. Kxd5 Rd1+ 57. Kc4 Rc1+ 58. Kd3 Rb1 59. Rc6+ Kb8 60. b6 Rd1+ 61. Kc2 Rd8 62. Rh6 {Accuracy: White = 82%, Black = 49%.} 1-0

[Event "Israeli Open Championship 2019"]
[Site "Jerusalem"]
[Date "2019.12.22"]
[Round "9.3"]
[White "Mikhalevski, Victor"]
[Black "Baron, Tal"]
[Result "1-0"]
[WhiteElo "2559"]
[BlackElo "2541"]
[Annotator "TA"]
[PlyCount "100"]
[EventDate "2019.12.12"]
[EventType "swiss"]
[EventCountry "ISR"]
[SourceTitle "playchess.com"]
[Source "ChessBase"]
[SourceQuality "1"]

{[%evp 17,100,26,26,26,26,26,26,21,22,18,21,30,18,25,54,0,0,0,0,0,20,24,47,45,50,54,52,52,39,55,51,40,55,33,33,33,40,45,62,46,89,89,217,232,193,185,482,400,767,680,879,827,441,0,12837,12836,12837,12837,12845,12846,12846,12847,12847,12847,12848,12848,12849,12849,12850,12849,12850,12849,12850,12851,12851,27999,12851,27999,12851,27999,12851,27998,27999,27999,27998]} 1. d4 Nf6 2. c4 e6 3. Nf3 d5 4. g3 dxc4 5. Bg2 Nc6 6. Qa4 Bb4+ 7. Bd2 Nd5 8. Bxb4 Ndxb4 9. O-O Rb8 10. Na3 {E04: Open Catalan: 5 Nf3} O-O 11. Qb5 b6 12. Qxc4 {White has an edge.} Ba6 13. Nb5 Qd5 (13... Qe8 14. Rfc1 Nd5 15. Qxc6 Qxc6 16. Rxc6 Bxb5 17. Rc2 Rfc8 {½-½ (33) So,W (2780)-Caruana,F (2822) Saint Louis 2018}) 14. Qxd5 Nxd5 15. a4 Na5 {[#]} 16. Rac1 $146 (16. Ne5 $1 $14) ({Predecessor:} 16. Ne5 Rbd8 17. Bxd5 Bxb5 18. axb5 Rxd5 {½-½ (26) Wang,Y (2679)-Bu,X (2718) Hangzhou 2018}) 16... c6 $11 17. Nxa7 Bxe2 18. Rfe1 Bxf3 (18... Ra8 {is more complex.} 19. Rxe2 Nb3 20. Rc4 Na5 21. Rc1) 19. Bxf3 Ra8 20. Nxc6 Nxc6 21. Rxc6 {Strongly threatening Bxd5.} Rxa4 22. Bxd5 exd5 23. Rxb6 Rxd4 $14 {[%mdl 4096] Endgame KRR-KRR} 24. Re7 h5 25. Rd7 h4 {next ...h3 is good for Black.} 26. Kg2 hxg3 27. hxg3 g5 28. Rb5 Kg7 29. b4 {[%cal Bb2b4,Bb4b5][%mdl 32]} Kf6 (29... Rc4 $16 {was necessary.}) 30. Rdxd5 $18 Rxd5 31. Rxd5 {KR-KR} Rb8 $2 (31... Rc8 {is a better defense.} 32. Rc5 Ra8) 32. b5 g4 (32... Rb6 $142 33. f3 Kg6) 33. f3 Ke6 {[#]} 34. Rc5 $1 Kd6 35. Rc6+ $2 (35. Rf5 $18 gxf3+ 36. Kxf3) 35... Kd5 $2 {[%mdl 8192]} (35... Kd7 $11) 36. fxg4 Rxb5 37. Rf6 Rb7 38. g5 Ke5 39. Kh3 Ra7 40. Kg4 Rb7 41. Kh5 Ke4 42. Kh6 Ke3 43. g4 Ke4 44. Rf5 Rb1 45. Rxf7 Rh1+ 46. Kg7 Ke5 47. g6 Ke6 48. Kg8 Rh4 49. g7 (49. g5 $18 Rh5 50. g7 Rxg5 51. Kf8) 49... Rxg4 50. Kf8 Kd5 {Accuracy: White = 77%, Black = 32%.} 1-0

[Event "Israeli Open Championship 2019"]
[Site "Jerusalem"]
[Date "2019.12.22"]
[Round "9.4"]
[White "Postny, Evgeny"]
[Black "Soffer, Ram"]
[Result "1/2-1/2"]
[WhiteElo "2605"]
[BlackElo "2490"]
[Annotator "TA"]
[PlyCount "50"]
[EventDate "2019.12.12"]
[EventType "swiss"]
[EventCountry "ISR"]
[SourceTitle "playchess.com"]
[Source "ChessBase"]
[SourceQuality "1"]

{[%evp 13,50,17,16,9,27,0,19,0,9,18,19,0,0,0,0,0,14,0,29,0,0,0,0,0,0,-9,-16,-9,0,0,0,0,15,-33,0,0,0,-17,0]} 1. e4 e5 2. Nf3 Nc6 3. Bc4 Bc5 4. d3 Nf6 5. O-O d6 6. c3 a6 7. a4 h6 8. Nbd2 {[%cal Bb1d2,Bd2f1,Bf1g3][%mdl 32] C54: Giuoco Piano: 4 c3 Nf6, main lines with 5 d4 and 5 d3} O-O 9. Bb3 (9. Re1 Be6 10. Bxe6 fxe6 11. b4 Ba7 12. Nc4 Nh5 13. Ra2 Qf6 14. Be3 Bxe3 15. Rxe3 {½-½ (62) Duda,J (2730)-Giri,A (2780) chess.com INT 2019}) 9... Ba7 10. Re1 Re8 11. Nf1 Be6 12. Ng3 d5 $146 ({Predecessor:} 12... Bxb3 13. Qxb3 Qd7 14. Be3 Bxe3 15. fxe3 {½-½ (61) Han,Y (1952)-Ferrington,N (2133) Telford 2018}) 13. exd5 Bxd5 14. Bc2 Qd7 15. h3 Rad8 16. Qe2 a5 17. Bd2 Bc5 18. Rad1 Bf8 19. Bc1 g6 20. Nh2 Qe6 21. Nhf1 Bb3 22. Ne4 Nh7 23. Be3 Bxc2 24. Qxc2 b6 25. Ned2 Bg7 {Accuracy: White = 55%, Black = 37%.} 1/2-1/2

[Event "Israeli Open Championship 2019"]
[Site "Jerusalem"]
[Date "2019.12.22"]
[Round "9.5"]
[White "Dvoirys, Semen I."]
[Black "Flom, Gabriel"]
[Result "1-0"]
[WhiteElo "2467"]
[BlackElo "2506"]
[Annotator "TA"]
[PlyCount "65"]
[EventDate "2019.12.12"]
[EventType "swiss"]
[EventCountry "ISR"]
[SourceTitle "playchess.com"]
[Source "ChessBase"]
[SourceQuality "1"]

{[%evp 17,161,0,0,0,0,0,8,0,0,-68,-56,-27,31,20,45,47,57,57,46,0,0,-22,-15,-41,-33,-30,-36,-59,0,0,0,0,0,0,0,-14,-19,-9,-21,-60,-14,-24,0,0,-14,-20,212,218,316,314,300,300,300,297,357,383,382,373,710,729,691,705,645,520,494,502,553,480,733,726,664,502,571,579,732,722,725,712,690,661,662,645,743,708,1064,608,685,500,499,480,488,482,543,575,501,472,370,174,177,150,653,638,2244,1944,1917,1541,1243,902,752,749,1185,765,6094,1547,4134,24,22,17,5895,4782,5612,4133,2573,3569,6378,6378,6229,6185,5085,2244,1445,1305,29975,29975,29979,29980,29980,29981,29981,29980,29982,29983,29983,29984,29984,29983]} 1. e4 e6 2. d4 d5 3. e5 c5 4. c3 Nc6 5. Nf3 Qb6 6. a3 Nh6 7. b4 cxd4 8. Bxh6 gxh6 9. cxd4 Bd7 $1 10. Ra2 {C02: French: Advance Variation} Rg8 11. h3 Be7 (11... h5 12. g3 h4 13. g4 Be7 14. Be2 f6 15. b5 Nd8 16. Qd3 Rg7 17. Nc3 Nf7 {0-1 (38) Shirov,A (2684)-Nakamura,H (2787) Zuerich 2016}) 12. g3 {The position is equal.} f6 13. Be2 $146 (13. b5 $11 Nd8 14. Qd3) ({Predecessor:} 13. b5 Nd8 14. Nbd2 Nf7 15. Bd3 fxe5 16. dxe5 Bxb5 17. Rb2 Bxd3 18. Rxb6 axb6 {½-½ (34) Pivinsky,E (2487)-Girard,E (2422) ICCF email 2013}) 13... fxe5 $15 14. dxe5 Kf8 ({Black should play} 14... a5 $11 15. b5 Na7) 15. Rc2 $14 Kg7 16. Nc3 Nd8 17. O-O Nf7 18. Rb2 Kh8 {aiming for ...Rxg3+.} 19. Kh2 Raf8 {[%cal Ba8f8,Bf8f4,Bf4d4][%mdl 32] Black wants to play ...Nxe5!} 20. Bd3 h5 21. Na4 Bxa4 22. Qxa4 Nh6 (22... h4 $15 23. Qd1 hxg3+ 24. fxg3 a5) 23. Qd1 $11 h4 24. g4 (24. gxh4 Nf5 $15) 24... Rf4 25. Bb1 Rgf8 26. Qd3 {[%csl Gb1][%cal Rd3h7]} R8f7 27. Ne1 Bg5 {[%cal Rf4f2]} 28. f3 Rd4 29. Qe2 Bf4+ 30. Kh1 Rc7 31. Nd3 Rc3 $2 {[#]} (31... Nf7 $11 {and Black has nothing to worry.}) 32. Nc5 $1 $18 Nf7 ({But not} 32... Rxa3 33. Qc2 $18) (32... Rcc4 $142 33. Bd3 Rc1) 33. Qf2 {Played: Nc5-a4} 1-0

[Event "Israeli Open Championship 2019"]
[Site "Jerusalem"]
[Date "2019.12.22"]
[Round "9.6"]
[White "Sokolovsky, Yahli"]
[Black "Gorodetzky, Matan"]
[Result "0-1"]
[WhiteElo "2045"]
[BlackElo "2284"]
[Annotator "ChessBase"]
[PlyCount "57"]
[EventDate "2019.12.12"]
[EventType "swiss"]
[EventCountry "ISR"]
[SourceTitle "playchess.com"]
[Source "ChessBase"]
[SourceQuality "1"]
[TimeControl "5400+30"]

1. e4 {[%emt 0:00:00]} e6 {[%emt 0:00:00]} 2. d4 {[%emt 0:00:00]} d5 {[%emt 0:00:00]} 3. e5 {[%emt 0:00:00]} c5 {[%emt 0:00:01]} 4. c3 {[%emt 0:00:00]} Nc6 {[%emt 0:00:05]} 5. Nf3 {[%emt 0:00:14]} Bd7 {[%emt 0:00:10]} 6. Be2 {[%emt 0:00:56]} Nge7 {[%emt 0:00:41]} 7. Na3 {[%emt 0:01:03]} cxd4 {[%emt 0:01:12]} 8. cxd4 {[%emt 0:00:12]} Nf5 {[%emt 0:00:07]} 9. Nc2 {[%emt 0:00:27]} Qb6 {[%emt 0:00:29]} 10. O-O {[%emt 0:01:02]} a5 {[%emt 0:00:19]} 11. Kh1 {[%emt 0:06:31]} Rc8 {[%emt 0:00:37]} 12. a3 {[%emt 0:17:31]} a4 {[%emt 0:01:51]} 13. Rb1 {[%emt 0:02:25]} Na5 {[%emt 0:02:35]} 14. g4 {[%emt 0:02:49]} Ne7 {[%emt 0:00:35]} 15. Bd2 {[%emt 0:12:46]} Nb3 {[%emt 0:07:38]} 16. Bb4 {[%emt 0:25:48]} Ng6 {[%emt 0:01:03]} 17. Bd2 {[%emt 0:12:12]} Be7 {[%emt 0:05:11]} 18. Be3 {[%emt 0:00:36]} O-O {[%emt 0:00:54]} 19. Nd2 {[%emt 0:01:48]} f6 {[%emt 0:09:45]} 20. f4 {[%emt 0:01:43]} fxe5 {[%emt 0:01:31]} 21. fxe5 {[%emt 0:00:40]} Rxf1+ {[%emt 0:01:28]} 22. Bxf1 {[%emt 0:01:34]} Bb5 {[%emt 0:08:35]} 23. Bxb5 {[%emt 0:10:37]} Qxb5 {[%emt 0:00:12]} 24. Kg1 {[%emt 0:00:31]} Qd3 {[%emt 0:00:48]} 25. Nxb3 {[%emt 0:00:28]} Qxb3 {[%emt 0:00:07]} 26. Rc1 {[%emt 0:00:33]} Rxc2 {[%emt 0:01:00]} 27. Rxc2 {[%emt 0:00:23]} Qxe3+ {[%emt 0:00:03]} 28. Kh1 {[%emt 0:00:38]} Nf4 {[%emt 0:02:02]} 29. Qd2 {[%emt 0:01:03]} 0-1

[Event "Israeli Open Championship 2019"]
[Site "Jerusalem"]
[Date "2019.12.22"]
[Round "9.8"]
[White "Tsyn, Igor"]
[Black "Cohen Revivo, Shoham"]
[Result "1/2-1/2"]
[WhiteElo "2154"]
[BlackElo "2261"]
[Annotator "NA"]
[PlyCount "50"]
[EventDate "2019.12.12"]
[EventType "swiss"]
[EventCountry "ISR"]
[SourceTitle "playchess.com"]
[Source "ChessBase"]
[SourceQuality "1"]
[TimeControl "5400+30"]

1. e4 {[%emt 0:00:00]} c5 {[%emt 0:00:23]} 2. Nf3 {[%emt 0:00:00]} Nc6 {[%emt 0:00:05]} 3. Bb5 {[%emt 0:00:00]} g6 {[%emt 0:00:11]} 4. Bxc6 {[%emt 0:00:00]} bxc6 {[%emt 0:00:22]} 5. O-O {[%emt 0:00:00]} Bg7 {[%emt 0:00:24]} 6. Re1 {[%emt 0:00:55]} Nh6 {[%emt 0:00:38]} 7. c3 {[%emt 0:00:10]} O-O {[%emt 0:00:15]} 8. d4 {[%emt 0:00:01]} cxd4 {[%emt 0:02:55]} 9. cxd4 {[%emt 0:00:18]} d5 {[%emt 0:00:57]} 10. e5 {[%emt 0:00:05]} f6 {[%emt 0:03:29]} 11. exf6 {[%emt 0:01:11]} exf6 {[%emt 0:00:21]} 12. Nbd2 {[%emt 0:00:21]} Nf7 {[%emt 0:01:21]} 13. Nb3 {[%emt 0:00:14]} Re8 {[%emt 0:02:30]} 14. Bd2 {[%emt 0:01:49]} Bg4 {[%emt 0:20:43]} 15. h3 {[%emt 0:07:34]} Rxe1+ {[%emt 0:00:06]} 16. Bxe1 {[%emt 0:00:04]} Bxf3 {[%emt 0:00:06]} 17. Qxf3 {[%emt 0:00:03]} Ng5 {[%emt 0:00:06]} 18. Qd3 {[%emt 0:01:35]} Ne4 {[%emt 0:01:02]} 19. Rc1 {[%emt 0:01:55]} Qe8 {[%emt 0:02:48]} 20. Na5 {[%emt 0:23:29]} Bh6 {[%emt 0:01:47]} 21. Rxc6 {[%emt 0:22:23]} Ng3 {[%emt 0:01:06]} 22. Bc3 {[%emt 0:01:38]} Ne2+ {[%emt 0:00:10]} 23. Kf1 {[%emt 0:03:23]} Nf4 {[%emt 0:00:05]} 24. Qf3 {[%emt 0:00:53]} Rc8 {[%emt 0:01:13]} 25. Bd2 {[%emt 0:06:08]} Rxc6 {[%emt 0:09:04]} 1/2-1/2